Karate. Kata /

Salvato in:
Dettagli Bibliografici
Autore principale: Šebej, František (Autore)
Natura: Libro
Lingua:slovacco
Pubblicazione: Bratislava : Šport, 1986
Edizione:1.vyd.
Soggetti:
Tags: Aggiungi Tag
Nessun Tag, puoi essere il primo ad aggiungerne!!

MARC

LEADER 00000nam a22000003a 4500
001 stu42879
005 20150617225720.7
008 940524s1986----cs------------------slo-d
040 |a STU  |b slo 
041 0 |a slo 
044 |a cs 
080 |a 796.89 
100 1 |a Šebej, František  |4 aut 
245 1 |a Karate. Kata /  |c [aut.]František Šebej 
250 |a 1.vyd. 
260 |a Bratislava :  |b Šport,  |c 1986 
300 |a 309 s 
650 7 |a Karate  |2 stusub 
996 |b 284M046109  |c M*807-1  |l MMKN  |s A  |a 24  |w stu42879_0001